Loading...
| Auditory Arts | 3 | 10.00 | 100% | 0% | 0% |
| Beliefs | 9 | 13.33 | 100% | 22% | 11% |
| Fine Arts - Other Arts | 5 | 14.00 | 80% | 40% | 20% |
| Geography | 1 | 20.00 | 100% | 0% | 100% |
| History - American History | 7 | 7.14 | 71% | 0% | 0% |
| History - Ancient History | 2 | 25.00 | 100% | 100% | 50% |
| History - European History | 5 | 20.00 | 100% | 80% | 20% |
| History - Other History | 3 | 20.00 | 100% | 100% | 0% |
| History - World History | 5 | 18.00 | 100% | 60% | 20% |
| Literature - American Literature | 4 | 7.50 | 75% | 0% | 0% |
| Literature - British Literature | 3 | 16.67 | 100% | 33% | 33% |
| Literature - European Literature | 3 | 10.00 | 100% | 0% | 0% |
| Literature - World Literature | 6 | 10.00 | 83% | 17% | 0% |
| Other Academic | 1 | 20.00 | 100% | 100% | 0% |
| Philosophy | 4 | 2.50 | 25% | 0% | 0% |
| Science - Biology | 4 | 15.00 | 100% | 50% | 0% |
| Science - Chemistry | 6 | 8.33 | 83% | 0% | 0% |
| Science - Other Science | 6 | 15.00 | 83% | 33% | 33% |
| Science - Physics | 6 | 18.33 | 83% | 67% | 33% |
| Social Science | 10 | 13.00 | 80% | 30% | 20% |
| Visual Arts | 5 | 12.00 | 100% | 20% | 0% |